| 000 | 01808cad a22004095a 4500 | ||
|---|---|---|---|
| 008 | 240426t2024 xxk fo 000 0 eng d | ||
| 020 | _a9781783215249 | ||
| 035 | _a(Sirsi) u158260 | ||
| 041 | 0 | _aeng | |
| 110 | 2 |
_aRoyal Institution of Chartered Surveyors _94900 |
|
| 245 |
_aAppropriate contract selection _h[electronic resource] |
||
| 250 | _a2nd ed. | ||
| 260 |
_aLondon, _bRICS, _c2024 |
||
| 300 | _a74p. | ||
| 490 | 0 | _aRICS Practice Information | |
| 490 | 0 | _aRICS Black Book | |
| 500 | _aSupersedes 1st edition published in 2014 ISBN 9781783210619 | ||
| 520 | _aOriginally published as a guidance note in 2014 this document has been rewritten as practice information, so as to account for changes in legislation, case law and construction contracts introduced since 2014. The practice information given here reviews the various types of construction contract that are available for use in the UK. It also covers factors to consider when choosing the most appropriate construction contract for a particular project. | ||
| 650 | 2 | 4 | _aJCT |
| 650 | 2 | 4 | _aNEC |
| 650 | 2 | 4 | _aPUBLIC PRIVATE PARTNERSHIP |
| 650 | 2 | 4 | _aPROJECT PARTNERING |
| 650 | 2 | 4 | _aGOVERNMENT CONTRACTS |
| 650 | 2 | 4 | _aThe Infrastructure Conditions of Contract |
| 650 | 2 | 4 | _aINSTITUTION OF CHEMICAL ENGINEERS |
| 650 | 2 | 4 | _aFIDIC |
| 650 | 2 | 4 | _aPROJECT PARTNERING CONTRACT |
| 650 | 2 | 4 | _aRICS BLACK BOOK |
| 650 | 2 | 4 | _aRICS QS AND CONSTRUCTION STANDARDS |
| 651 | 4 | _aUnited Kingdom | |
| 690 |
_aContracts _96232 |
||
| 700 | 1 | _aDartnell, Richard | |
| 700 | 1 | _aThompson, Steven | |
| 700 | 1 | _aFinch, Roland | |
| 856 | 4 | 0 |
_uhttps://www.rics.org/profession-standards/rics-standards-and-guidance/sector-standards/construction-standards/appropriate-contract-selection.html _zAvailable on RICS.org |
| 942 |
_n0 _2ddc |
||
| 999 |
_c121920 _d121920 |
||